000 00445nam a2200169Ia 4500
008 230917s9999||||xx |||||||||||||| ||und||
020 _cRS11
040 _e68063
_aMAIN
041 _aEnglish
082 _a330.156 S75I
100 _aSeth, M L
245 0 _aIntroduction to Keynesian economics: The modern theory of employment
250 _a7th ed.
260 _aAgra
_bLakshmi Narian Aggarwal
_c1971
300 _axv, 371 p.
942 _cBK
999 _c121233
_d121233